One year's talks to children. (Record no. 12278)

000 -LEADER
fixed length control field 00561nam a2200181 a 4500
001 - CONTROL NUMBER
control field :::00010080$&:&@@
003 - CONTROL NUMBER IDENTIFIER
control field OkBaRHE
005 - DATE AND TIME OF LATEST TRANSACTION
control field 20000607103356.0
008 - FIXED-LENGTH DATA ELEMENTS--GENERAL INFORMATION
fixed length control field j 000 0 eng u
040 ## - CATALOGING SOURCE
Transcribing agency
100 1# - MAIN ENTRY--PERSONAL NAME
Personal name Dickie, Edgar Primrose, 1897-
245 10 - TITLE STATEMENT
Title One year's talks to children.
260 ## - PUBLICATION, DISTRIBUTION, ETC. (IMPRINT)
Place of publication, distribution, etc New York, NY., ;
Name of publisher, distributor, etc Fleming H. Revell Company
Date of publication, distribution, etc cnd
300 ## - PHYSICAL DESCRIPTION
Extent 184 p. ;
Dimensions 20 cm.
650 ## - SUBJECT ADDED ENTRY--TOPICAL TERM
Topical term or geographic name as entry element Children's Sermons
942 ## - ADDED ENTRY ELEMENTS (KOHA)
Source of classification or shelving scheme
Koha item type Books
Copies
Withdrawn status Barcode Source of classification or shelving scheme Copy number Date acquired Permanent Location Lost status Price effective from Koha item type Date last seen Shelving location Full call number Damaged status Not for loan
 10080 12010-04-14RHEMA Bible Training College 2010-04-14Books2010-04-14General StacksBV 4315 .D488